Heavy Metal Bands - Statistics

General Stats
  • This quiz has been taken 6,962 times
  • The average score is 15 of 41
Answer Stats
Hint Answer % Correct
Master Of Puppets Metallica
97%
Iron Man Black Sabbath
91%
Cowboys From Hell Pantera
85%
2 Minutes To Midnight Iron Maiden
81%
Freak On A Leash Korn
79%
Angel Of Death Slayer
79%
Killing Is My Business... And Business Is Good Megadeth
73%
Anitsocial, Madhouse Anthrax
63%
Bulls On Parade Rage Against The Machine
62%
You Got Another Thing Comin' Judas Priest
59%
Hammer Smashed Face Cannibal Corpse
58%
Man In The Box Alice In Chains
55%
Redneck Lamb Of God
46%
Crystal Mountain Death
44%
Refuse/Resist Sepultura
41%
Blackwater Park Opeth
36%
Undertow Tool
35%
Jerry Was A Race Car Driver, Tommy The Cat Primus
31%
Practice What you Preach Testament
30%
Destroy, Erase, Improve; Bleed Meshuggah
27%
You Suffer Napalm Death
27%
Transylvanian Hunger Darkthrone
25%
The Blackening Machine Head
25%
Heartwork, Exhume To Consume Carcass
24%
Demanufacture Fear Factory
23%
God Of Emptiness Morbid Angel
23%
Nightfall In Middle-Earth Blind Guardian
20%
Cop Killer Body Count
19%
Once Upon The Cross Deicide
17%
NOLA Down
17%
At The Heart Of Winter Immortal
16%
Bewitched Candlemass
13%
Burnt Offerings, Something Wicked This Way Comes Iced Earth
13%
Blues For The Red Sun, Green Machine Kyuss
12%
NWO Ministry
11%
Welcome To The Morbid Reich Vader
7%
Deliverance Corrosion Of Conformity
6%
All I Had (I Gave), Odd Fellow's Rest Crowbar
6%
Mabool Orphaned Land
6%
The Mob Goes Wild Clutch
5%
1000 Thoughts Of Violence Kekal
4%
No matching quizzes found
Score Distribution
Percent of People with Each Score
Percentile by Number Answered
Your Score History
You have not taken this quiz